People by clue PART 3 - Statistics

General Stats
  • This quiz has been taken 9 times
  • The average score is 2 of 5
Answer Stats
Clue Person % Correct
Bald and ends with DIESEL Vin Diesel
78%
I am a poet and wrote many books including charlie and the chocolate factory. Rhold Dahl
67%
Named after a State in America Denzel Washington
22%
I am dumb and lives under a rock Patrick Star
0%
I am the 100 Million sub GOD PewDiePie
0%
No matching quizzes found
Score Distribution
Percent of People with Each Score
Percentile by Number Answered
Your Score History
You have not taken this quiz